00383nam a2200157Ia 4500003000900000008004100009040001300050040001300063100001800076245007900094250001200173260000900185300000800194490000600202700001700208IT-RoPAU120407s9999 xx 000 0 und d aIT-RoPAU cIT-RoPAU aA. Castellani aDizionario delle nuove scienze. Astronautica, elettronica, fisica nucleare aTorino  aSaie c cm v1 aE. Mazzaglia